| 000 | 00760nam a2200253Ia 4500 | ||
|---|---|---|---|
| 003 | GCL | ||
| 008 | 140319s9999 xx 000 0 ara d | ||
| 040 |
_aGCL / _cGCL |
||
| 082 | 0 | 4 |
_aق _b953.08 _bم م |
| 100 | 1 | _aمحمد احمد دهمان | |
| 245 | 1 | 0 |
_aمعجم الالفاظ التاريخية فى العصر المملوكى / _cمحمد احمد دهمان |
| 260 |
_a[S.N] : _bدار الفكر المعاصر ، _c1990 |
||
| 300 | _a158 ص | ||
| 490 | _a | ||
| 650 | 0 | 4 | _aمصر |
| 650 | 0 | 4 | _aتاريخ |
| 650 | 0 | 4 | _aالالقاب |
| 650 | 0 | 4 | _aالحياة الثقافية |
| 650 | 0 | 4 | _aبلاد الشام |
| 650 | 0 | 4 | _aالدولة المملوكية |
| 650 | 0 | 4 | _aالمصطلحات |
| 650 | 0 | 4 | _aمعجم |
| 942 |
_2ddc _cBK |
||
| 999 |
_c37138 _d37138 |
||